Biblioteka Instytutu Północnego w Olsztynie

Widok standardowy Widok MARC

Pozycja Personal Name

Liczba rekordów, w których użyto hasła: 1

001 - Numer kontrolny

  • control field: 40807

003 - Identyfikator numeru kontrolnego

  • control field: NUKAT

005 - Data i czas ostatniej modyfikacji

  • control field: 20260428130951.0

008 - Dane kontrolne kodowane (40 znaków)

  • fixed length control field: 170427n||azznnbabn |a aaa |

010 ## - Numer kontrolny Biblioteki Kongresu

  • numer kontrolny LC: p 2017059402

035 ## - Numer systemowy

  • numer systemowy: a36249178

040 ## - Instytucja sporządzająca rekord

  • inst. przygot. dane do rek. khw: WA N
  • język haseł przedmiotowych/tezaurus: DBN
  • inst. wprow. rek. khw: WA N

043 ## - Kod obszaru geograficznego

  • ISO code: US

046 ## - Special dates

  • Birth date: 1892
  • Death date: 1987

100 1# - Hasło - nazwa osobowa

  • nazwa osobowa w formie ujednoliconej: Madden, Ray J.
  • daty biograficzne: (1892-1987)

368 ## - Other Attributes

  • Other designation: Parlamentarzyści

370 ## - Associated place

  • Country: Stany Zjednoczone (USA)

375 ## - Gender

  • Gender: 1
  • Source of term: iso5218

377 ## - Assoc lang

  • Lang code: eng

400 1# - Trop zob. - nazwa osobowa

  • nazwa osobowa (nazwisko, imiona): Madden, Ray John

670 ## - Źródło informacji

  • źródło informacji: Mord w lesie katyńskim. T. 1 / wstęp, wybór i opracowanie Witold Wasilewski. - Warszawa, 2017.

670 ## - Źródło informacji

  • źródło informacji: LCA online.
  • gdzie znaleziono informację: Daty życia

670 ## - Źródło informacji

  • źródło informacji: Wikipedia
Biblioteka Instytutu Północnego, ul. Partyzantów 87, 10-402 Olsztyn, email: biblioteka(at)ip.olsztyn.pl